| 000 | 00542cam a2200205ua 4500 | ||
|---|---|---|---|
| 020 | _a81 204 0289 8 | ||
| 041 |
_aeng _h |
||
| 082 |
_a631.55 _bCHA/PO |
||
| 100 | _aChakraverty, A . | ||
| 245 |
_aPost harvest technologyof cereals, pulses and oil seeds / _cA Chakraverty. _hTextual Documents |
||
| 260 |
_aBombay : _bOxford publishing co. pvt.ltd , _c1988. |
||
| 300 | _a299 ; . | ||
| 504 | _a | ||
| 942 | _cBK | ||
| 999 |
_c2423 _d2423 |
||